Dalits in the new millennium (Record no. 395940)
[ view plain ]
| 000 -LEADER | |
|---|---|
| fixed length control field | 00626 a2200241 4500 |
| 005 - DATE & TIME | |
| control field | 20260318090501.0 |
| 008 - FIXED-LENGTH DATA ELEMENTS--GENERAL INFORMATION | |
| fixed length control field | 260317b |||||||| |||| 00| 0 eng d |
| 020 ## - ISBN | |
| International Standard Book Number | 9781009441605 |
| Price | Rs. 1195.00 |
| 040 ## - CATALOGING SOURCE | |
| Original cataloging agency | VIVEKANANDA LIBRARY |
| 082 ## - DDC NUMBER | |
| Classification number | 305.5688 |
| Book Number | P152D |
| 100 ## - MAIN ENTRY--PERSONAL NAME | |
| Personal name | Pai, Sudha, ed. |
| 245 ## - TITLE STATEMENT | |
| Title | Dalits in the new millennium |
| 250 ## - EDITION STATEMENT | |
| Edition statement | |
| 260 ## - PUBLICATION, DISTRIBUTION, ETC. (IMPRINT) | |
| Name of publisher, distributor, etc | Cambridge University Press |
| Date of publication, distribution, etc | 2023 |
| Place of publication, distribution, etc | New York |
| 300 ## - PHYSICAL DESCRIPTION | |
| Pages | xv, 483 |
| 650 ## - Subject | |
| Subject | Sociology |
| 650 ## - Subject | |
| Subject | Social Groups |
| 650 ## - Subject | |
| Subject | Social Classes |
| 650 ## - Subject | |
| Subject | Dalits- Untouchables |
| 700 ## - Added Entry Personal Name | |
| Added Entry Personal Name | Babu, D. Shyam, ed. |
| 700 ## - Added Entry Personal Name | |
| Added Entry Personal Name | Verma, Rahul, ed. |
| 942 ## - ADDED ENTRY ELEMENTS (KOHA) | |
| Koha item type | Books |
| Withdrawn status | Lost status | Source of classification or shelving scheme | Damaged status | Not for loan | Location (home branch) | Sublocation or collection (holding branch) | Shelving location | Date acquired | Koha issues (times borrowed) | Koha full call number | Accession No. | Koha date last seen | Koha item type |
|---|---|---|---|---|---|---|---|---|---|---|---|---|---|
| Dewey Decimal Classification | VIVEKANANDA LIBRARY | VIVEKANANDA LIBRARY | Vivekananda Library | 11/02/2026 | 1 | 305.5688 P152D | 438281 | 24/03/2026 | Books |
